000 00680nam a2200241Ia 4500
005 20260430150605.0
008 008 250103s9999 xx 000 0 eng d
037 _aTheses
040 _aCRL
040 _beng
040 _ceng
041 _2eng
041 _aeng
084 _qCRL
100 _aRawat Nitish Au.; Raman Rajagopal Gu.
_91237939
245 0 _aAssessment of Antibiotic Resistance in Commercial Broiler Chickens and ‘Antibiotic-Free’ Labelled Chicken Meat
260 _c2024
300 _a219p.
650 _aZoology
700 _aUniversity of Delhi. Faculty of Science. Deptt. of Zoology
_91237570
942 _cTH
999 _c1850154
_d1850154